Cải tiến hệ thống nuôi cấy mô ở giai đoạn 2 và 3 của qui trình vi nhân giống cây hoa huệ trắng (Polianthes tuberosa) và cây hoa tử linh lan (Saintpaulia ionatha) : Luận văn Thạc sĩ chuyên ngành Công nghệ sinh học

Nghiên cứu đánh giá sự sinh trưởng của cây hoa huệ trắng và cây tử linh lan ở giai đoạn 2 và giai đoạn 3 của qui trình nhân giống ở điều kiện chuẩn và điều kiện cải tiến; chi phí, giá trị sinh học và hiệu quả kinh tế qui trình vi nhân giống...

Popoln opis

Shranjeno v:
Bibliografske podrobnosti
Glavni avtor: Nguyễn, Minh Kiên
Format: Knjiga
Jezik:Undetermined
Izdano: Cần Thơ Đại học Cần Thơ 2011
Teme:
Oznake: Označite
Brez oznak, prvi označite!
Thư viện lưu trữ: Trung tâm Học liệu Trường Đại học Cần Thơ
LEADER 01388nam a2200229Ia 4500
001 CTU_170026
008 210402s9999 xx 000 0 und d
082 |a 631.53 
082 |b K305 
088 |a 050815 
100 |a Nguyễn, Minh Kiên 
245 0 |a Cải tiến hệ thống nuôi cấy mô ở giai đoạn 2 và 3 của qui trình vi nhân giống cây hoa huệ trắng (Polianthes tuberosa) và cây hoa tử linh lan (Saintpaulia ionatha) : 
245 0 |b Luận văn Thạc sĩ chuyên ngành Công nghệ sinh học 
245 0 |c Nguyễn Minh Kiên ; Nguyễn Bảo Toàn ( Người hướng dẫn khoa học ) 
260 |a Cần Thơ 
260 |b Đại học Cần Thơ 
260 |c 2011 
520 |a Nghiên cứu đánh giá sự sinh trưởng của cây hoa huệ trắng và cây tử linh lan ở giai đoạn 2 và giai đoạn 3 của qui trình nhân giống ở điều kiện chuẩn và điều kiện cải tiến; chi phí, giá trị sinh học và hiệu quả kinh tế qui trình vi nhân giống 2 loại hoa trên. 
650 |a Polianthes,Nuôi cấy mô,Tissue culture 
650 |x Công nghệ sinh học,Biotechnology 
904 |i Ngọc Huyền, Lan Anh 
980 |a Trung tâm Học liệu Trường Đại học Cần Thơ